00477nam a22001457a 450000500170000001000190001702000260003603700120006210000170007424500800009126000420017127000790021330000210029270000180031320221207170551.0 aE.N.A./7.11.22 a9789356223172c875.00 bTaxmann aSharma, D.G. aTaxmann's Principles & Practice of Accounting/cD.G. Sharma and S.K.Agrawal aNew DelhibTaxmann Publicationsc2022 a59/32, New Rohtak RoadbNew Delhie110005k911145562222msales@taxmann.com a608p.c27cm(pbk) aAgrawal, S.K.